[Event "48th XtraCon TCh-DEN 2009-10"]
[Site "Denmark DEN"]
[Date "2009.12.06"]
[Round "3"]
[White "Pedersen,Christi"]
[Black "Hansen,Lars"]
[Result "0-1"]
[WhiteElo "2452"]
[BlackElo "2209"]

1.e4 g6 2.d4 Bg7 3.Nc3 c6 4.f4 d5 5.e5 Nh6 6.Nf3 f6 7.Bd3 O-O 8.O-O Bg4 9.Be3 fxe5
10.dxe5 e6 11.Na4 Nd7 12.h3 Bxf3 13.Rxf3 Qe7 14.Qe1 Nf5 15.Bf2 g5 16.g3 gxf4
17.gxf4 Kh8 18.Kh1 Rf7 19.Nc3 Nf8 20.Ne2 Ng6 21.Qc3 Bf8 22.Bg1 c5 23.b3 b6
24.Qe1 Qb7 25.Bxf5 Rxf5 26.Qg3 d4 27.Rf1 Bh6 28.Kh2 Raf8 29.R3f2 Qe4 30.Qg4 Bxf4+
31.Nxf4 Nxf4 32.Rf3 Qxe5 33.Kh1 Ng6 34.Bh2 Qd5 35.Kg2 Rxf3 36.Rxf3 Rxf3  0-1

[Event "ch-VIE Women Masters"]
[Site "Ho Chi Minh City VIE"]
[Date "2009.12.16"]
[Round "9"]
[White "Nguyen Thi Diem Huong"]
[Black "Nguyen Thi Thanh An"]
[Result "1-0"]
[WhiteElo "1993"]
[BlackElo "2330"]

1.e4 g6 2.d4 Bg7 3.Nc3 c6 4.Nf3 d5 5.h3 dxe4 6.Nxe4 Nd7 7.Bc4 Ngf6 8.Nxf6+ Nxf6
9.O-O O-O 10.Re1 Qd6 11.Qe2 e6 12.Bg5 h6 13.Bh4 Nh5 14.Rad1 b5 15.Bb3 Bb7
16.Ne5 Rae8 17.Qg4 Bc8 18.c3 Qc7 19.Bc2 Nf6 20.Bxf6 Bxf6 21.Qf3 Bg7 22.Qg4 Rd8
23.h4 c5 24.h5 cxd4 25.hxg6 f5 26.Qe2 dxc3 27.bxc3 Rxd1 28.Bxd1 Qxc3 29.Nf7 a5
30.Bb3 Qf6 31.Qxb5 Qxg6 32.Nd6 Kh8 33.Rc1 Qg5 34.Rc2 Bd4 35.Nxc8 Rg8 36.Qc6 Qg4
37.Qc4 Qf4 38.Qe2 Rg4 39.Qxe6 Rg7 40.Re2 Qc1+ 41.Re1 Qg5 42.Bd5 Qf4 43.Qe2 Bc5
44.Qf3 Qxf3 45.Bxf3 Rc7 46.Re8+ Kg7 47.g3 Kf7 48.Bh5+ Kf6 49.Rg8 Ke5 50.Bg6  1-0

[Event "Tata Steel TCh-Asia"]
[Site "Kolkata IND"]
[Date "2009.12.23"]
[Round "2"]
[White "Bui Vinh"]
[Black "Mahjoob,M"]
[Result "1/2-1/2"]
[WhiteElo "2488"]
[BlackElo "2510"]

1.d4 g6 2.e4 Bg7 3.Nc3 c6 4.Nf3 d6 5.h3 Nf6 6.a4 O-O 7.Be2 Nbd7 8.Be3 e5
9.dxe5 dxe5 10.O-O Qe7 11.Qd3 Nh5 12.Rfd1 Nf4 13.Qd6 Nxe2+ 14.Nxe2 Qxd6 15.Rxd6 Re8
16.Rad1 Nf8 17.a5 Ne6 18.a6 b6 19.Rxc6 Bxa6 20.Nc3 Red8 21.Rdd6 Rxd6 22.Rxd6 Rd8
23.Rxd8+ Nxd8 24.Nd2 f5 25.f3 f4 26.Bf2 Ne6 27.Nd5 Kf7 28.c4 Bf8 29.b4 Bd6
30.Kf1 g5 31.Ke2 h5 32.Kd3 Bc8 33.Kc2 Bd7 34.c5 Ba4+ 35.Kb2 bxc5 36.Nc4 Bf8
37.Nxe5+ Ke8 38.Nc3 Bg7 39.Nxa4 Bxe5+ 40.Kb3 cxb4 41.Bxa7 Bd4 42.Bb8 Bg7
43.Kxb4 Nd4 44.Kc4 Nc2 45.Kd5 Ne3+ 46.Ke6 Bd4 47.g4 fxg3 48.Bxg3 Nf1 49.Bb8 Nd2
50.f4 g4 51.hxg4 hxg4 52.f5 Nxe4  1/2-1/2

[Event "ZVO Open"]
[Site "Borovo CRO"]
[Date "2010.01.04"]
[Round "5"]
[White "Jurilj,Z"]
[Black "Milovanovic,B"]
[Result "1-0"]
[WhiteElo "1780"]
[BlackElo "1904"]

1.e4 g6 2.d4 Bg7 3.Nc3 c6 4.Be3 d6 5.Bc4 e6 6.Qd2 h6 7.f4 Ne7 8.Nf3 Nd7 9.g4 Nb6
10.Bb3 Qc7 11.h4 a5 12.a4 d5 13.h5 Bd7 14.O-O-O O-O-O 15.Ne5 Be8 16.Qf2 f6
17.Nd3 g5 18.fxg5 fxg5  1-0

[Event "TCh-NED 2009-10"]
[Site "Netherlands NED"]
[Date "2010.01.09"]
[Round "5"]
[White "Rijnaarts,S"]
[Black "Lanchava,T"]
[Result "0-1"]
[WhiteElo "2316"]
[BlackElo "2360"]

1.e4 c6 2.d4 g6 3.Nc3 Bg7 4.g3 d6 5.Bg2 a5 6.a4 Nf6 7.Nge2 O-O 8.O-O Na6
9.h3 Nb4 10.Bg5 Be6 11.Qd2 Qd7 12.Kh2 Bc4 13.Nd1 d5 14.Bxf6 Bxf6 15.e5 Bg7
16.c3 Nd3 17.Ne3 Ba6 18.f4 e6 19.Rf3 c5 20.Ng4 c4 21.h4 Qe7 22.h5 Rfb8 23.h6 Bh8
24.Nc1 Nxc1 25.Rxc1 b5 26.axb5 Rxb5 27.Rf2 Rab8 28.Re1 Bc8 29.Ne3 Qf8 30.Ng4 f5
31.exf6 Bxf6 32.Bh3 Be7 33.Ree2 a4 34.Bg2 Bd6 35.f5 Rxb2 36.fxg6 Rxd2 37.Rxf8+ Bxf8
38.gxh7+ Kxh7 39.Rxd2 Bxh6 40.Rf2 Bg7 41.Ra2 Bd7 42.Ne3 Rb3 43.Nd1 Rb1 44.Bf3 Bh6
45.Nb2 a3 46.Nxc4 Rf1 47.Bg2 Rf5 48.Ne5 Rxe5 49.dxe5 Bc1 50.Bf1 Ba4 51.Bd3+ Kg7
52.Rf2 Bb2 53.Bb1 Bxc3 54.Rf6 Bb3 55.Rxe6 a2 56.Bxa2 Bxa2 57.Kh3 Bb4 58.Kg4 d4
59.Rb6 Bc3 60.Kf5 d3 61.Rb7+ Kf8 62.Kf6 Ke8 63.Rb6 d2 64.Rd6 Bb3 65.g4 d1=Q
66.Rxd1 Bxd1 67.g5 Bb3 68.g6 Kf8  0-1

[Event "Open C"]
[Site "Marianske Lazne CZE"]
[Date "2010.01.17"]
[Round "2"]
[White "Strzelczyk,A"]
[Black "Zima,F"]
[Result "1-0"]
[WhiteElo "1910"]
[BlackElo "1711"]

1.e4 c6 2.d4 g6 3.Nc3 Bg7 4.Nf3 d5 5.h3 dxe4 6.Nxe4 Bf5 7.Ng3 Qc8 8.Nxf5 Qxf5
9.Bd3 Qe6+ 10.Be3 Bh6 11.Qd2 Bxe3 12.fxe3 f6 13.c4 Nd7 14.O-O Nh6 15.e4 Nf7
16.Rae1 Qd6 17.c5 Qg3 18.Bc4 Ng5 19.Nxg5 fxg5 20.Bf7+ Kd8 21.Rf3 Qh4 22.d5 Kc7
23.d6+ Kd8 24.dxe7+ Kxe7 25.Qd6+  1-0

[Event "Open C"]
[Site "Marianske Lazne CZE"]
[Date "2010.01.19"]
[Round "5"]
[White "Maryasin,B"]
[Black "Karhanek,P"]
[Result "1/2-1/2"]
[WhiteElo "2340"]
[BlackElo "2226"]

1.e4 g6 2.d4 Bg7 3.Nc3 c6 4.Bc4 d5 5.exd5 b5 6.Bb3 b4 7.Ne4 cxd5 8.Nc5 Nf6
9.Nf3 O-O 10.O-O Nbd7 11.Nd3 a5 12.a3 Ba6 13.axb4 axb4 14.Re1 Bxd3 15.Rxa8 Qxa8
16.Qxd3 e6 17.Bf4 Rc8 18.Qf1 Qb7 19.Ra1 Ra8 20.h3 Ne4 21.Be3 Bf8  1/2-1/2

[Event "2nd Chennai Open"]
[Site "Chennai IND"]
[Date "2010.01.26"]
[Round "2"]
[White "Prince,Ba"]
[Black "Dimakiling,O"]
[Result "0-1"]
[WhiteElo "2155"]
[BlackElo "2435"]

1.e4 c6 2.d4 g6 3.Nc3 Bg7 4.Be2 d5 5.e5 h5 6.Nf3 Nh6 7.Bf4 b5 8.Qd2 a5 9.a4 b4
10.Na2 Na6 11.Nc1 Nc7 12.Nd3 Ne6 13.Be3 Nf5 14.Nf4 Nxe3 15.fxe3 Bh6 16.Nxe6 Bxe6
17.O-O O-O 18.Bd3 c5 19.c3 c4 20.Bc2 Rb8 21.Qe1 bxc3 22.bxc3 Rb2 23.Rf2 Qb6
24.h4 Kg7 25.Ng5 Bg4 26.Qf1 f6 27.Re1 Rxc2 28.exf6+ Rxf6  0-1

[Event "2nd Chennai Open"]
[Site "Chennai IND"]
[Date "2010.01.26"]
[Round "3"]
[White "Ashwin,J"]
[Black "Anilkumar,O"]
[Result "1/2-1/2"]
[WhiteElo "2434"]
[BlackElo "2255"]

1.e4 g6 2.d4 Bg7 3.Nc3 c6 4.f4 d5 5.e5 h5 6.Be3 Nh6 7.Nf3 Bg4 8.h3 Bxf3 9.Qxf3 h4
10.Bd3 e6 11.O-O Nd7 12.b3 Nf5 13.Bf2 Bf8 14.Ne2 b5 15.c4 a6 16.a4 bxc4 17.bxc4 Bb4
18.Rfc1 a5 19.Rc2 Kf8 20.Rac1 Kg7 21.cxd5 cxd5 22.Bb5 Nb6 23.Nc3 Qe7 24.Na2 Rac8
25.Qb3 Rxc2 26.Rxc2 Rb8 27.Qd3 Rc8 28.Rxc8 Nxc8 29.Qc2 Nb6 30.Bd3 Nc4 31.Nxb4 Qxb4
32.Bxf5 gxf5 33.Bxh4 Qa3 34.Qf2 Qc1+ 35.Kh2 Nd2 36.Qe1 Qb2 37.Bf6+ Kf8 38.Kh1 Ke8
39.Qh4 Qc1+  1/2-1/2

[Event "ch-BUL S/F Women"]
[Site "Plovdiv BUL"]
[Date "2010.01.28"]
[Round "5"]
[White "Sirkova,D"]
[Black "Stefanova,M"]
[Result "1-0"]
[WhiteElo "2079"]
[BlackElo "1996"]

1.e4 g6 2.d4 Bg7 3.Nc3 c6 4.Bc4 b5 5.Bb3 a5 6.Qf3 e6 7.e5 a4 8.Ne4 Bf8 9.Bg5 Qa5+
10.Ke2 axb3 11.Nf6+ Nxf6 12.Qxf6 h6 13.axb3 Qb6 14.Rxa8 hxg5 15.Qxh8 Ba6
16.Nf3 b4+ 17.Kd2 Qb7 18.Rxb8+ Qxb8 19.Nxg5 Qd8 20.Nh7 Qe7 21.Ra1 Bb7 22.Ra7  1-0

[Event "ch-BUL S/F Men"]
[Site "Plovdiv BUL"]
[Date "2010.01.29"]
[Round "8"]
[White "Mishev,L"]
[Black "Pantev,V"]
[Result "0-1"]
[WhiteElo "2205"]
[BlackElo "2369"]

1.e4 c6 2.d4 g6 3.Nc3 Bg7 4.Bc4 d6 5.Nf3 e6 6.Bf4 Ne7 7.Qd2 h6 8.h4 b5 9.Bd3 a6
10.e5 d5 11.a3 Qb6 12.b4 a5 13.bxa5 Qxa5 14.O-O Nd7 15.Rfb1 Nb6 16.Rb3 Bd7
17.Rab1 Na4 18.g3 Nxc3 19.Rxc3 Nc8 20.Bf1 Nb6 21.Qe3 Nc4 22.Bxc4 bxc4 23.Kg2 Kd8
24.Nd2 Kc7 25.Rd1 Bf8 26.Qf3 Be7 27.Nf1 Qb6 28.Bd2 Raf8 29.Re3 c5 30.Bc3 Bc6
31.Qf4 g5 32.Qf3 gxh4 33.Ree1 hxg3 34.Nxg3 h5 35.Nxh5 Rh6 36.Rh1 Qa7 37.Qe3 Rg6+
38.Ng3 Rg4 39.Rh5 Qxa3 40.Qd2 cxd4 41.Bxd4 Rfg8 42.Rh3 c3 43.Qd3 Bc5 44.Qh7 R8g7
45.Qh8 Bxd4 46.Rxd4 Rxd4 47.Qxg7 Rf4 48.Rh8 d4+ 49.Kh3 Qe7 50.Qg8 Kb6 51.Qb8+ Bb7
52.Ne2 Rf3+ 53.Kg4 f5+ 54.exf6 Rxf6 55.Nxd4 Qg7+ 56.Kh5 Qg6+ 57.Kh4 Qe4+
58.Kh5 Qd5+ 59.Kg4 Rg6+ 60.Kh3 Qh1+  0-1

[Event "ch-UKR b18"]
[Site "Kyiv UKR"]
[Date "2010.01.30"]
[Round "6"]
[White "Bagiryan,Vigen"]
[Black "Sergienko,Vladislav"]
[Result "0-1"]
[WhiteElo "2069"]
[BlackElo "1996"]

1.e4 g6 2.d4 Bg7 3.Nc3 c6 4.Bc4 b5 5.Bb3 d6 6.Nf3 a6 7.Ng5 e6 8.d5 cxd5 9.exd5 e5
10.Qf3 Nf6 11.Nce4 h6 12.Nxf6+ Qxf6 13.Qc3 O-O 14.Ne4 Qe7 15.Qb4 Rd8 16.a4 f5
17.Nc3 bxa4 18.Bxa4 Nd7 19.Bc6 Rb8 20.Qa5 Nf6 21.O-O f4 22.f3 g5 23.b3 Bf5
24.Rf2 g4 25.Re2 Nh5 26.Qxa6 g3 27.h3 e4 28.Nxe4 Bd4+ 29.Kf1 Qh4 30.Ke1 Bxh3
31.c3 Be5 32.Qa7 Bf5 33.Kd2 Rxb3 34.Ba4 Rbb8 35.Bc6 Ng7 36.Ba3 Bxe4 37.fxe4 Qf6
38.Rf1 Bxc3+ 39.Kc2 Be5 40.Bc1 h5 41.Qa3 Rf8 42.Qf3 Qg5 43.Rh1 Qg4 44.Qxg4 hxg4
45.Bd7 f3 46.Ree1 fxg2 47.Rhg1 Rf2+ 48.Bd2 Rb2+ 49.Kc1 Rfxd2 50.Bxg4 Bf4
51.Bh3 Rdc2+ 52.Kd1 Rc1+  0-1

[Event "15th HIT Open B"]
[Site "Nova Gorica SLO"]
[Date "2010.01.31"]
[Round "2"]
[White "Pirs,M2"]
[Black "Mihelj,Edvard"]
[Result "1-0"]
[WhiteElo "1867"]
[BlackElo "1778"]

1.e4 g6 2.d4 Bg7 3.Nc3 c6 4.g3 d6 5.Bg2 Nf6 6.Nge2 O-O 7.h3 Na6 8.Be3 Bd7
9.O-O Qc8 10.Kh2 Nc7 11.Qd2 Rb8 12.a4 b6 13.f4 Rd8 14.d5 cxd5 15.exd5 Na6
16.Nd4 Nb4 17.Rf2 a5 18.Raf1 h6 19.Re2 Re8 20.g4 Nh7 21.Ncb5 Na6 22.Nc6 Rb7
23.Bd4 e5 24.Nxd6 Qa8 25.fxe5 Bxc6 26.dxc6 Rc7 27.Nxe8 Qxe8 28.e6 fxe6 29.Bxg7 Kxg7
30.Qd4+ Kg8 31.Rxe6 Qb8 32.Qe5 Rc8 33.Rxg6+  1-0

[Event "ch-ROU m"]
[Site "Baile Olanesti ROU"]
[Date "2010.02.01"]
[Round "2"]
[White "Iordache,A"]
[Black "Ciobanu,Au"]
[Result "0-1"]
[WhiteElo "1991"]
[BlackElo "2297"]

1.e4 g6 2.d4 Bg7 3.Nc3 c6 4.Nf3 d6 5.h3 b5 6.Bd3 a6 7.O-O e5 8.dxe5 dxe5
9.Qe2 Nd7 10.a4 Bb7 11.axb5 axb5 12.Rxa8 Bxa8 13.Rd1 Ne7 14.Bg5 f6 15.Be3 Qc8
16.Nh4 O-O  0-1

[Event "Georgi Tringov Mem"]
[Site "Plovdiv BUL"]
[Date "2010.02.01"]
[Round "3"]
[White "Velchev,H"]
[Black "Petrov,Marij"]
[Result "0-1"]
[WhiteElo "2298"]
[BlackElo "2500"]

1.e4 g6 2.d4 Bg7 3.Nc3 c6 4.Bc4 d6 5.Qf3 e6 6.Nge2 Nd7 7.Bf4 Qe7 8.Bb3 Ngf6
9.O-O-O e5 10.Bg5 a5 11.Kb1 O-O 12.h4 h6 13.Bc1 b5 14.a3 b4 15.axb4 axb4
16.Na2 exd4 17.Nxd4 Ne5 18.Qg3 c5 19.f4 cxd4 20.fxe5 dxe5 21.Bd2 Nxe4 22.Qxg6 Nxd2+
23.Rxd2 Ra6 24.Qd3 Rb6 25.Qe4 Be6 26.Nc1 Ra6 27.Bxe6 Qxe6 28.Nb3 f5 29.Qb7 Rfa8
30.Rd3 R8a7 31.Qxb4 Ra1+ 32.Nxa1 Qa2+ 33.Kc1 Qxa1+ 34.Kd2 Qxh1 35.Qb8+ Kh7
36.Qxa7 Qxg2+ 37.Kc1 e4 38.Rd2 Qf3 39.Rd1 Qf4+ 40.Kb1 Qe5 41.Rg1 f4 42.Qf7 f3
43.h5 Qf6 44.Qg6+ Qxg6 45.hxg6+ Kg8 46.Kc1 e3 47.Rh1 Be5 48.Kd1 Bg3  0-1

[Event "ch-ROU w"]
[Site "Baile Olanesti ROU"]
[Date "2010.02.02"]
[Round "3"]
[White "Cosma,E"]
[Black "Moldovan,Corina"]
[Result "1-0"]
[WhiteElo "2332"]
[BlackElo "2257"]

1.d4 g6 2.e4 c6 3.Nc3 Bg7 4.h3 d6 5.Nf3 Nf6 6.a4 O-O 7.Be3 Qc7 8.a5 Nbd7
9.Be2 Rb8 10.O-O b5 11.axb6 axb6 12.d5 Nc5 13.Nd4 cxd5 14.exd5 Bb7 15.Bf3 Ra8
16.Rxa8 Rxa8 17.Re1 Ncd7 18.Nc6 Ne5 19.Nxe5 dxe5 20.d6 exd6 21.Bxb7 Qxb7
22.Qxd6 b5 23.Qxe5 b4 24.Qb5 Qe7 25.Nd5 Nxd5 26.Qxd5 Rd8 27.Qb3 Bd4 28.c3 bxc3
29.bxc3 Ba7 30.Qa4 Bc5 31.Kf1 Bxe3 32.Rxe3 Qc7 33.Re8+ Rxe8 34.Qxe8+ Kg7
35.Qe3 Qc4+ 36.Kg1 Kf6 37.g3 g5 38.Kg2 Kg6 39.Qb6+ f6 40.Qd4 Qc6+ 41.Kg1 f5
42.c4 h5 43.h4 f4 44.Qd3+ Kh6 45.Qf5 fxg3 46.hxg5+ Kg7 47.Qf6+ Qxf6 48.gxf6+ Kxf6
49.fxg3  1-0

[Event "15th HIT Open A"]
[Site "Nova Gorica SLO"]
[Date "2010.02.03"]
[Round "6"]
[White "Debevec,B"]
[Black "Srebrnic,V"]
[Result "1/2-1/2"]
[WhiteElo "2029"]
[BlackElo "2216"]

1.d4 g6 2.e4 c6 3.Nc3 Bg7 4.Bc4 d5 5.exd5 b5 6.Bb3 b4 7.Nce2 cxd5 8.Be3 Nf6
9.h3 O-O 10.Nf3 a5 11.a3 Ba6 12.axb4 axb4 13.O-O Nbd7 14.Re1 Bxe2 15.Qxe2 Qc7
16.Qd2 Qb7 17.Bh6 e6 18.Bxg7 Kxg7 19.Qf4 Qb8 20.Qxb8 Rfxb8 21.Red1 Ne4 22.Ne1 Rxa1
23.Rxa1 Nd2 24.Nd3 Nb6 25.Ra7 Nbc4 26.Bxc4 Nxc4 27.b3 Na3 28.Nxb4 Rxb4 29.Rxa3 Rxd4
30.Kf1 Rd1+ 31.Ke2 Rb1 32.Kd3 Kf6 33.c4 dxc4+ 34.bxc4 Rb2 35.Ke3 Rc2 36.Ra4 h5
37.Rb4 e5 38.g3 Kf5 39.Kf3 Rc3+ 40.Kg2 g5 41.Rb7 f6 42.Rh7 Kg6 43.Rc7 e4
44.Rc8 Rc2 45.Kg1 Kf5 46.Rc5+ Ke6 47.Rc6+ Ke5 48.Rc5+ Kd6 49.Rf5 Ke6 50.Rc5 e3
51.fxe3 Kd6  1/2-1/2

[Event "TCh-ISR"]
[Site "Israel ISR"]
[Date "2010.02.05"]
[Round "3"]
[White "Baron,Ta"]
[Black "Finkel,A"]
[Result "1-0"]
[WhiteElo "2407"]
[BlackElo "2476"]

1.e4 g6 2.d4 Bg7 3.Nc3 c6 4.f4 d5 5.e5 Nh6 6.Be3 f6 7.h3 c5 8.Nf3 Nf5 9.Bf2 cxd4
10.Nxd4 Nc6 11.Nxc6 bxc6 12.g4 Nh6 13.exf6 Bxf6 14.Na4 Bg7 15.Qd2 O-O 16.O-O-O Qd6
17.Be3 Rb8 18.c3 Qc7 19.Bd3 Nf7 20.f5 Qa5 21.fxg6 Qxa4 22.gxf7+ Rxf7 23.Rhf1 Rxf1
24.Rxf1 Qxa2 25.Bd4 Qa1+ 26.Bb1 Ba6 27.c4 e5 28.Qc2 e4 29.Bxg7 Bxc4 30.Qh2 Bxf1
31.Qxb8+ Kxg7 32.Qe5+ Kf7 33.Qf5+ Ke7 34.Qxf1 Qa5 35.Qf2 Qb6 36.Qh4+ Ke6
37.Qh6+ Ke5 38.Qg5+ Kd4 39.Bc2 Kc4 40.b3+ Kb4 41.Qe7+ Kc3 42.Qe5+ Kb4 43.Kb2 Qd8
44.Qd4+  1-0

[Event "TCh-Eur Seniors"]
[Site "Dresden GER"]
[Date "2010.02.10"]
[Round "1"]
[White "Lyly,S"]
[Black "Pape,M"]
[Result "0-1"]
[WhiteElo "1991"]
[BlackElo "2246"]

1.e4 g6 2.d4 Bg7 3.Nc3 c6 4.f4 d5 5.e5 h5 6.Nf3 Bg4 7.Be2 e6 8.O-O Nh6 9.b3 Nf5
10.a4 Bf8 11.Qd3 Na6 12.Ng5 Nxd4 13.Be3 Nf5 14.Bf2 Be7 15.h4 Nc5 16.Qd2 Qa5
17.Rad1 Bxe2 18.Nxe2 Qxd2 19.Rxd2 Ne4 20.Nxe4 dxe4 21.Bg3 Bc5+ 22.Kh2 Ne3
23.Rb1 a5 24.Kh3 Nd5 25.c3 Rd8 26.Rbd1 Be3 27.Rc2 Ke7 28.Rb1 Bc5 29.Re1 Ne3
30.Ra2 Rd3 31.Bf2 Ng4+ 32.Bg3 Bf2 33.Rf1 Rhd8  0-1

[Event "TCh-Eur Seniors"]
[Site "Dresden GER"]
[Date "2010.02.11"]
[Round "2"]
[White "Rosen,W"]
[Black "Troeger,R"]
[Result "1-0"]
[WhiteElo "2287"]
[BlackElo "2159"]

1.e4 g6 2.d4 Bg7 3.Nc3 c6 4.Nf3 d5 5.h3 dxe4 6.Nxe4 Nf6 7.Nxf6+ exf6 8.Bc4 O-O
9.O-O Nd7 10.Re1 Nb6 11.Bb3 Bf5 12.Bd2 Qd7 13.a4 Rfe8 14.Rxe8+ Rxe8 15.a5 Nc8
16.Be3 Be4 17.Nd2 f5 18.Nxe4 fxe4 19.c3 Rd8 20.Qc2 Qf5 21.f3 Nd6 22.fxe4 Qxe4
23.Qxe4 Nxe4 24.Rf1 Rd7 25.Rf4 Nf6 26.Bf2 Nd5 27.Re4 Kf8 28.g3 Re7 29.Rxe7 Kxe7
30.Kf1 Bh6 31.c4 Nc7 32.d5 Bg7 33.Bxa7 Bxb2 34.dxc6 bxc6 35.c5 f6 36.Bc4 Kd7
37.Bg8 h6 38.Bh7  1-0

[Event "TCh-Eur Seniors"]
[Site "Dresden GER"]
[Date "2010.02.12"]
[Round "3"]
[White "Van Oosten,A"]
[Black "Csulits,A"]
[Result "1/2-1/2"]
[WhiteElo "2126"]
[BlackElo "2222"]

1.e4 g6 2.d4 Bg7 3.Nc3 c6 4.Be3 d5 5.f3 dxe4 6.fxe4 e5 7.d5 Nf6 8.dxc6 Nxc6
9.Qxd8+ Nxd8 10.Nb5 Ne6 11.Nxa7 O-O 12.Nxc8 Rfxc8 13.Bd3 Ng4 14.Bd2 Nd4 15.h3 Nf6
16.Bc3 Nh5 17.Bxd4 Ng3 18.Be3 Nxh1 19.Ne2 f5 20.exf5 e4 21.Bxe4 Re8 22.Bd5+ Kh8
23.Kd2 Rad8 24.c4 b5 25.Rxh1 bxc4 26.Nc3 Bxc3+ 27.bxc3 Rxd5+ 28.Bd4+ Kg8
29.fxg6 hxg6 30.Rb1 Ra5 31.Rb2 Rea8 32.Ke3 Rxa2 33.Rxa2 Rxa2 34.g3 Kf7 35.h4 Ke6
36.Kf4 Ra5 37.g4 Rd5 38.Ke4 Kd6 39.Kf4 Kc6 40.Ke4 Ra5 41.Kf4 Kd6 42.Ke4 Ke6
43.Kf4 Rb5 44.Ke4 Rb2 45.Kf4 Rb5 46.Ke4 Rd5 47.Kf4 Rb5  1/2-1/2

[Event "TCh-Eur Seniors"]
[Site "Dresden GER"]
[Date "2010.02.13"]
[Round "4"]
[White "Villing,D"]
[Black "Pape,M"]
[Result "1-0"]
[WhiteElo "2209"]
[BlackElo "2246"]

1.e4 g6 2.d4 Bg7 3.Nc3 c6 4.f4 d5 5.e5 h5 6.Nf3 Bg4 7.Be3 e6 8.Bd3 Nh6 9.h3 Bxf3
10.Qxf3 h4 11.O-O Nd7 12.Ne2 Bf8 13.b3 Qa5 14.c4 O-O-O 15.c5 Nf5 16.a3 Nb8
17.b4 Qc7 18.a4 Be7 19.Bf2 Rdg8 20.b5 Qd7 21.Rfb1 g5 22.a5 gxf4 23.a6 bxa6
24.bxa6 Ne3 25.Bxe3 fxe3 26.Rb7 Qe8 27.Rab1  1-0

[Event "TCh-Eur Seniors"]
[Site "Dresden GER"]
[Date "2010.02.13"]
[Round "4"]
[White "Wiman,K"]
[Black "Boehm,Er"]
[Result "1/2-1/2"]
[WhiteElo "1993"]
[BlackElo "2228"]

1.d4 g6 2.e4 Bg7 3.Nc3 c6 4.Nf3 d5 5.exd5 cxd5 6.h3 Nf6 7.Bb5+ Nc6 8.Ne5 Bd7
9.Nxd7 Qxd7 10.O-O O-O 11.Re1 e6 12.Bf4 a6 13.Bxc6 Qxc6 14.Be5 b5 15.a3 Rac8
16.Rc1 a5 17.Qf3 Nd7 18.Bxg7 Kxg7 19.Ne2 b4 20.axb4 axb4 21.Qb3 Qb5 22.c3 Rc4
23.Ra1 Rb8 24.Qa4 Qxa4 25.Rxa4 bxc3 26.Rxc4 cxb2 27.Rc7 b1=Q 28.Rxb1 Rxb1+
29.Rc1 Rb2 30.Nc3 Nf6 31.g3 Rd2 32.Rd1 Rc2 33.Rd3 Ne8 34.Kg2 Nd6 35.Kf3 f5
36.h4 Kf6 37.Kg2 Ne4 38.Nd1 h6 39.Kg1 g5 40.hxg5+ hxg5 41.Kg2 e5 42.Kg1 exd4
43.Rxd4 Ke5  1/2-1/2

[Event "Open"]
[Site "Novy Bor CZE"]
[Date "2010.02.18"]
[Round "7"]
[White "Sindler,M"]
[Black "Vorobyov,Y"]
[Result "1-0"]
[WhiteElo "2168"]
[BlackElo "2259"]

1.e4 c6 2.Nc3 g6 3.d4 Bg7 4.Be3 d5 5.h3 dxe4 6.Nxe4 Nd7 7.Bc4 Nb6 8.Bb3 Nd5
9.Bc1 Ngf6 10.Nxf6+ Nxf6 11.Nf3 O-O 12.O-O Bf5 13.Qe2 a5 14.Bg5 a4 15.Bxf6 Bxf6
16.Bc4 a3 17.b4 h5 18.Rad1 Qc7 19.Ne5 Kg7 20.g4 hxg4 21.hxg4 Bc8 22.Qe4 Bxe5
23.dxe5 c5 24.Rd3 Rh8 25.Rfd1 cxb4 26.Qf4 Rh4 27.Qxf7+ Kh6 28.Qf4+ Kg7 29.Rg3 Bf5
30.Qg5 Rah8 31.gxf5 Rh1+ 32.Kg2 Qc6+ 33.Bd5 R8h2+ 34.Kf3 Qc3+ 35.Rd3 Rxf2+
36.Kxf2 Qe1+ 37.Kf3 Rf1+ 38.Kg4 Rxf5 39.Qxe7+  1-0

[Event "NordWest-Cup"]
[Site "Bad Zwischenahn GER"]
[Date "2010.02.20"]
[Round "4"]
[White "Van Linde,P"]
[Black "Epishin,V"]
[Result "0-1"]
[WhiteElo "2165"]
[BlackElo "2607"]

1.e4 g6 2.d4 Bg7 3.Nc3 c6 4.Be3 d5 5.Qd2 a5 6.exd5 cxd5 7.Bb5+ Bd7 8.a4 e6
9.Nf3 Bxb5 10.Nxb5 Nf6 11.Bh6 O-O 12.Bxg7 Kxg7 13.O-O Nbd7 14.Qe2 Rc8 15.c3 Nb6
16.Ne5 Nc4 17.f3 Ne8 18.Rfe1 Ncd6 19.Ng4 h5 20.Nf2 Nf5 21.Nd1 Rh8 22.Ne3 Nxe3
23.Qxe3 h4 24.g4 hxg3 25.hxg3 Nc7 26.Nxc7 Qxc7 27.Kg2 Rh5 28.Rh1 Rch8 29.Rxh5 Rxh5
30.f4 Qd7 31.Rh1 Rxh1 32.Kxh1 f6 33.g4 Qxa4 34.Qxe6 Qa1+ 35.Kg2 Qxb2+ 36.Kg3 Qxc3+
37.Kh4 Qc7 38.Kh3 Qxf4 39.Qxd5 Kh6 40.Qxb7 Qe3+ 41.Kh2 Qxd4 42.Kg3 Qe3+ 43.Kg2 Kg5
44.Qd5+ Qe5 45.Qb3 a4 46.Qd1 Qb2+ 47.Kh3 Qb3+  0-1

[Event "ch-IND National Teams"]
[Site "Gurgaon IND"]
[Date "2010.02.22"]
[Round "3"]
[White "Singh,Ar"]
[Black "Anilkumar,O"]
[Result "0-1"]
[WhiteElo "2156"]
[BlackElo "2255"]

1.e4 g6 2.d4 Bg7 3.Nc3 c6 4.Nf3 d5 5.e5 Bg4 6.Be2 f6 7.Bf4 Bxf3 8.Bxf3 fxe5
9.Bxe5 Bxe5 10.dxe5 Qc7 11.O-O Nh6 12.Re1 e6 13.Qd2 Nf5 14.Bg4 O-O 15.Bxf5 Rxf5
16.f4 Nd7 17.Ne2 Qb6+ 18.Kh1 Rf7 19.c4 dxc4 20.Qc3 Qa6 21.Nd4 c5 22.Nf3 Nb6
23.Re4 Rd8 24.Ng5 Rd3 25.Qc2 Re7 26.Qf2 Qb5 27.Re2 Nd5 28.Ne4 Rd4 29.g3 Qc6
30.Kg1 Kg7 31.Ng5 Nb4 32.Nf3 Rd3 33.Ne1 Rd8 34.Rd2 Red7 35.Rad1 Nd3 36.Qe2 Nxe1
37.Qxe1 Rxd2 38.Rxd2 Rd3 39.Rxd3 cxd3 40.Qa5 c4 41.Kf2 Qb6+ 42.Qxb6 axb6
43.a4 g5 44.Ke3 gxf4+ 45.gxf4 Kg6 46.b3 cxb3 47.Kxd3 Kf5 48.Kc3 Kxf4 49.Kxb3 Kxe5
50.Kc4 Kf4 51.Kb5 e5 52.Kxb6 e4 53.Kxb7 e3 54.a5 e2 55.a6 e1=Q 56.a7 Qe4+
57.Kb8 Kg4  0-1

[Event "TCh-NED 2009-10"]
[Site "Netherlands NED"]
[Date "2010.03.06"]
[Round "7"]
[White "Van Haastert,E"]
[Black "Burg,T"]
[Result "1-0"]
[WhiteElo "2413"]
[BlackElo "2449"]

1.d4 g6 2.e4 Bg7 3.Nc3 c6 4.f4 d5 5.e5 h5 6.Nf3 Nh6 7.Be3 Qb6 8.Rb1 Bg4 9.Be2 Nd7
10.O-O Nf5 11.Bf2 Bh6 12.Qd2 Nf8 13.h3 Bxf3 14.Bxf3 Ne6 15.Ne2 h4 16.Bg4 Bf8
17.b3 Neg7 18.c4 e6 19.c5 Qc7 20.b4 Be7 21.a4 O-O 22.b5 b6 23.Rfc1 bxc5 24.dxc5 f6
25.b6 Qb7 26.a5 a6 27.exf6 Bxf6 28.Nd4 Rae8 29.Re1 e5 30.Bxf5 gxf5 31.fxe5 Bxe5
32.Bxh4 Qd7 33.Nf3 Bb8 34.Qh6 Re4 35.Ng5 Ne8 36.Nxe4 fxe4 37.Rf1 Rxf1+ 38.Rxf1 Ng7
39.Bf6 d4 40.Bxg7  1-0

[Event "ch-BUL U20 Girls"]
[Site "Sofia BUL"]
[Date "2010.03.14"]
[Round "9"]
[White "Krumova,A"]
[Black "Stefanova,M"]
[Result "1/2-1/2"]
[WhiteElo "1905"]
[BlackElo "1991"]

1.e4 g6 2.d4 c6 3.Nc3 Bg7 4.Be3 d5 5.f3 dxe4 6.fxe4 h5 7.Bc4 Nh6 8.h3 b5
9.Bb3 b4 10.Na4 Qc7 11.Qf3 O-O 12.O-O-O Ng4 13.Bg5 Be6 14.Bf4 Qa5 15.Nc5 Nf6
16.Nxe6 fxe6 17.Bxe6+ Kh7 18.g4 Nxe4 19.Qxe4 Rxf4 20.Bg8+ Kxg8 21.Qxf4 Qxa2
22.Ne2 Nd7 23.g5 e5 24.Qe4 Nb6 25.b3 exd4 26.Rhf1 d3 27.Qxd3 Re8 28.Kd2 Qb2
29.Qxg6 Qe5 30.Qf7+ Kh8 31.Qxh5+ Kg8 32.Qf7+  1/2-1/2

[Event "TCh-AUT 2009-10"]
[Site "Baden AUT"]
[Date "2010.03.20"]
[Round "11"]
[White "Mihok,O"]
[Black "Maiwald,JU"]
[Result "1/2-1/2"]
[WhiteElo "2398"]
[BlackElo "2474"]

1.e4 g6 2.d4 Bg7 3.Nc3 c6 4.f4 d5 5.e5 Qb6 6.a4 a5 7.Nf3 Bg4 8.Ra3 Na6 9.Be2 Nh6
10.Be3 f6 11.O-O Bxf3 12.Bxf3 fxe5 13.fxe5 Nf5 14.Bf2 Bh6 15.Ne2 O-O 16.Rb3 Qa7
17.h4 Ng7 18.Bg4 Nc7 19.Qd3 Rab8 20.Qh3 b5 21.axb5 Rxb5 22.Rxb5 cxb5 23.h5 gxh5
24.Bxh5 Qb6 25.Bf3 Qc6 26.Ra1 a4 27.c3 Bg5 28.Qg4 Nce6 29.Bh4 Rf5 30.Rf1 h6
31.Bxg5 hxg5 32.Qh3 Qc4 33.Ng3 Rf4 34.Ne2 Rf5 35.Ng3 Rf4 36.Ne2  1/2-1/2

[Event "Six Seasons GM"]
[Site "Dhaka BAN"]
[Date "2010.03.21"]
[Round "8"]
[White "Abu Sufian,S"]
[Black "Murshed,N"]
[Result "0-1"]
[WhiteElo "2320"]
[BlackElo "2413"]

1.e4 g6 2.d4 Bg7 3.Nc3 c6 4.Nf3 d6 5.Be3 Nf6 6.Qd2 Qa5 7.Bd3 Nbd7 8.Bh6 Bxh6
9.Qxh6 Qh5 10.Qd2 Qa5 11.O-O-O b5 12.Kb1 Nb6 13.e5 b4 14.Ne2 Nfd5 15.exd6 Be6
16.d7+ Nxd7 17.Ne5 Nxe5 18.dxe5 Rb8 19.b3 Nc3+ 20.Nxc3 bxc3 21.Qe3 c5 22.Be4 c4
23.Qh6 Qc5 24.Qe3 Qa3 25.Qc1 Qa6 26.Bd5 O-O 27.Rhe1 Rb5 28.Bxe6 Qxe6 29.Rd4 Rc8
30.Qd1 Rc7 31.f4 Ra5 32.f5 Qxf5 33.Rxc4 Rxc4 34.bxc4 Qf2  0-1

[Event "Victor Ciocaltea Mem"]
[Site "Bucharest ROU"]
[Date "2010.03.24"]
[Round "2"]
[White "Doros,R"]
[Black "Piorun,K"]
[Result "1-0"]
[WhiteElo "2319"]
[BlackElo "2501"]

1.e4 g6 2.d4 Bg7 3.Nc3 c6 4.Be3 d5 5.e5 f6 6.f4 Qb6 7.Na4 Qa5+ 8.c3 Nh6 9.h3 Nd7
10.b4 Qc7 11.Nf3 Nb6 12.Nxb6 axb6 13.Be2 Bf5 14.O-O Nf7 15.a4 O-O 16.g4 Bd7
17.Bd3 g5 18.Bc2 Nh8 19.Qb1 Ng6 20.Bxg6 hxg6 21.Qxg6 gxf4 22.Bxf4 Be8 23.Qd3 Qd7
24.Rfe1 Qe6 25.Nh4 Bd7 26.Nf5 Qf7 27.Nxg7 fxe5 28.Nh5 exf4 29.Re5 f3 30.Qe3 f2+
31.Kf1 Qh7 32.Rg5+ Kh8 33.Qe5+ Rf6 34.Nxf6 Qd3+ 35.Kg2  1-0

[Event "26th Budapest Spring Festival"]
[Site "Budapest HUN"]
[Date "2010.03.27"]
[Round "8"]
[White "Letay,G"]
[Black "Horvath,Je"]
[Result "1/2-1/2"]
[WhiteElo "2122"]
[BlackElo "2016"]

1.e4 g6 2.Nc3 Bg7 3.d4 c6 4.Be3 d5 5.e5 h5 6.Qd2 Nh6 7.h3 Nf5 8.Bf4 a5 9.Nf3 e6
10.Bd3 b5 11.a3 Bf8 12.O-O h4 13.Ne2 Be7 14.Bg5 Nd7 15.Bxe7 Qxe7 16.Ng5 Rh5
17.f4 Nb6 18.b3 a4 19.b4 Nc4 20.Bxc4 bxc4 21.Rfb1 Ba6 22.Kh2 Rh8 23.Nc3  1/2-1/2